[Event "AUTO-MASTER-492"]
[Site "http://www.queenalice.com/game.php?id=525091"]
[Date "2009.1.18"]
[Round "3"]
[White "TheBigSid"]
[Black "jounieh"]
[Result "1-0"]
[WhiteElo "2167"]
[BlackElo "2214"]

1. d4 d5 2. c4 e6 3. Nc3 Nf6 4. Nf3 c6 5. e3 Nbd7 6. Bd3 dxc4 7. Bxc4 Nb6 8. Bd3
c5 9. O-O c4 10. Be2 Bb4 11. a4 Nbd5 12. Bd2 Bxc3 13. Bxc3 Nxc3 14. bxc3 Bd7 15.
Bxc4 Rc8 16. Qb3 O-O 17. Ne5 Ne4 18. Rfc1 Nd2 19. Qa2 Nxc4 20. Nxc4 Bc6 21. Ne5
Qg5 22. Nxc6 Rxc6 23. Qb3 Rb6 24. Qc2 e5 25. Rab1 Rg6 26. g3 h5 27. Rxb7 h4 28.
Qe4 hxg3 29. hxg3 Rh6 30. Rxa7 Qh5 31. Qg2 Kh7 32. Re7 Qe2 33. Rxe5 Qd2 34. Qe4+
Rg6 35. Qc2 Qxc2 36. Rxc2 Ra6 37. a5 Rb8 38. Kg2 f6 39. Rc5 g5 40. f4 g4 41. e4
Rb1 42. e5 f5 43. d5 Rh6 44. Rc7+ 1-0

[Event "AUTO-OPEN-1237"]
[Site "http://www.queenalice.com/game.php?id=554619"]
[Date "2009.3.12"]
[Round "2"]
[White "SirKnight"]
[Black "jounieh"]
[Result "0-1"]
[WhiteElo "2046"]
[BlackElo "2209"]

1. e4 e6 2. d4 d5 3. Nd2 c5 4. exd5 Qxd5 5. Ngf3 Nf6 6. Bc4 Qh5 7. Nb3 Nc6 8.
Be3 cxd4 9. Nbxd4 Qg4 10. Bb5 Bd7 11. Qe2 Be7 12. O-O-O O-O 13. Nxc6 Bxc6 14.
Bxc6 bxc6 15. Rd4 Qf5 16. g4 Qa5 17. Qc4 Rab8 18. Qa4 Qb6 19. b3 c5 20. Rc4 Qb7
0-1

[Event "Challenge"]
[Site "http://www.queenalice.com/game.php?id=571023"]
[Date "2009.4.12"]
[Round "-"]
[White "jounieh"]
[Black "Ludus"]
[Result "0-1"]
[WhiteElo "2200"]
[BlackElo "2147"]

1. e4 c5 2. Nf3 e6 3. d4 cxd4 4. Nxd4 a6 5. Nc3 Qc7 6. Be2 Nf6 7. a3 Nc6 8. O-O
b5 9. Nxc6 dxc6 10. Be3 e5 11. f4 Bd6 12. Qd2 Bb7 13. f5 c5 14. Bf3 b4 15. Nd5
Bxd5 16. exd5 e4 17. Be2 Bxh2+ 18. Kh1 O-O 19. axb4 cxb4 20. Rxa6 Rxa6 21. Bxa6
Qd6 22. Bc4 Nh5 23. Bf2 Bf4 24. Qe2 Qh6 25. g3 Nxg3+ 0-1

[Event "Challenge"]
[Site "http://www.queenalice.com/game.php?id=571026"]
[Date "2009.4.12"]
[Round "-"]
[White "jounieh"]
[Black "WeirdGoblin"]
[Result "1-0"]
[WhiteElo "2197"]
[BlackElo "2226"]

1. e4 e6 2. d4 d5 3. Nc3 Nf6 4. Bg5 dxe4 5. Nxe4 Nbd7 6. Nf3 Be7 7. Nxf6+ Nxf6
8. Bd3 h6 9. Bd2 c6 10. c4 b6 11. O-O O-O 12. Bc3 Bb7 13. b4 Qc7 14. Ne5 c5 15.
bxc5 bxc5 16. Rb1 Rad8 17. Ba5 Qxa5 18. Rxb7 Bd6 19. Nc6 Qxa2 20. Nxd8 Rxd8 21.
dxc5 Bxc5 22. Bh7+ Kxh7 23. Qxd8 Ne4 24. Rxf7 Qxc4 25. Qd7 Bd4 26. Rf4 Nc3 27.
Rd1 Ne2+ 28. Kh1 Nxf4 29. Qxd4 Qe2 30. h3 e5 31. Qd2 Qc4 32. Rc1 Qd4 33. Qe3 a5
34. Rc5 Qd3 35. Kh2 Qg6 36. g3 Nd3 37. Rxa5 Qf6 38. Qxd3+ 1-0

[Event "AUTO-ELITE-323"]
[Site "http://www.queenalice.com/game.php?id=571526"]
[Date "2009.4.13"]
[Round "1"]
[White "cunha"]
[Black "jounieh"]
[Result "1-0"]
[WhiteElo "2578"]
[BlackElo "2201"]

1. e4 e6 2. d4 d5 3. Nd2 c5 4. Ngf3 Nf6 5. exd5 exd5 6. dxc5 Bxc5 7. Nb3 Be7 8.
Bd3 Nc6 9. O-O O-O 10. Re1 Bg4 11. h3 Bh5 12. c3 Qd6 13. Be3 Ne4 14. Nbd4 f5 15.
Nb5 Qg6 16. Be2 f4 17. Bxa7 Rf5 18. Bb6 Ra6 19. Bd4 Ng5 20. Nxg5 Rxg5 21. Bxh5
Rxh5 22. Nc7 Rxh3 23. Nxd5 Bd6 24. Qb3 Kf8 25. Qxb7 Nd8 26. Bxg7+ 1-0

[Event "AUTO-ELITE-323"]
[Site "http://www.queenalice.com/game.php?id=571527"]
[Date "2009.4.13"]
[Round "1"]
[White "jounieh"]
[Black "cunha"]
[Result "0-1"]
[WhiteElo "2216"]
[BlackElo "2562"]

1. e4 c5 2. Nf3 e6 3. d4 cxd4 4. Nxd4 Nc6 5. Nb5 Nf6 6. Bg5 d6 7. c4 Be7 8. N1c3
a6 9. Bxf6 gxf6 10. Nd4 Bd7 11. Be2 Qb6 12. Nb3 O-O-O 13. Qd2 Kb8 14. O-O Ne5
15. Rac1 Rhg8 16. Kh1 f5 0-1

[Event "AUTO-ELITE-323"]
[Site "http://www.queenalice.com/game.php?id=571534"]
[Date "2009.4.13"]
[Round "1"]
[White "jounieh"]
[Black "BEBADO"]
[Result "1/2-1/2"]
[WhiteElo "2204"]
[BlackElo "2238"]

1. e4 c5 2. Nf3 Nc6 3. d4 cxd4 4. Nxd4 Nf6 5. Nc3 d6 6. Bg5 e6 7. Qd2 Be7 8.
O-O-O a6 9. f4 Qa5 10. Nb3 Qc7 11. Be2 O-O 12. Bxf6 gxf6 13. Rhf1 b5 14. Rf3 Kh8
15. f5 Rg8 16. Bd3 Ne5 17. Rg3 Bb7 18. Kb1 Rxg3 19. hxg3 Rg8 20. Nd4 Qb6 21.
Nce2 Nxd3 22. cxd3 e5 23. Rh1 exd4 24. Qh6 Rg7 25. Nf4 Qd8 26. Nh5 Qg8 27. Rc1
Bd8 28. Nxf6 Bxf6 29. Qxf6 Qb8 30. Qe7 f6 31. Qxf6 Kg8 32. Qe6+ Rf7 33. g4 Qd8
34. Qh6 Qf6 35. Rh1 Qxh6 36. Rxh6 Rd7 37. g5 a5 38. g4 b4 39. g6 hxg6 40. Rxg6+
Kf7 41. g5 a4 42. Rh6 Ba6 43. Rh7+ Ke8 44. Rh8+ Kf7 45. Kc2 b3+ 46. axb3 axb3+
47. Kd2 Kg7 48. Ra8 Bb5 49. Ra3 Rb7 50. Rxb3 Bc6 51. Rxb7+ Bxb7 52. Ke2 1/2-1/2

[Event "AUTO-ELITE-323"]
[Site "http://www.queenalice.com/game.php?id=571535"]
[Date "2009.4.13"]
[Round "1"]
[White "BEBADO"]
[Black "jounieh"]
[Result "1/2-1/2"]
[WhiteElo "2209"]
[BlackElo "2186"]

1. d4 d5 2. c4 e6 3. Nc3 Nf6 4. cxd5 exd5 5. Bg5 Be7 6. e3 O-O 7. Qc2 Nc6 8. a3
Ne4 9. Bxe7 Nxe7 10. Nxe4 dxe4 11. Qxe4 Bf5 12. Qe5 Re8 13. Rc1 Rc8 14. Nf3 Bg6
15. Be2 Nd5 16. Qg3 Qe7 17. Ne5 c5 18. Nxg6 hxg6 19. dxc5 Rxc5 20. O-O Rec8 21.
Rxc5 Rxc5 22. Qb8+ Kh7 23. Qxa7 Nxe3 24. fxe3 Qxe3+ 25. Kh1 Qxe2 26. Qxc5 Qxf1+
27. Qg1 Qe2 28. Qb1 b5 1/2-1/2

[Event "AUTO-OPEN-1237"]
[Site "http://www.queenalice.com/game.php?id=588493"]
[Date "2009.5.14"]
[Round "3"]
[White "Soncini"]
[Black "jounieh"]
[Result "0-1"]
[WhiteElo "2118"]
[BlackElo "2187"]

1. e4 e6 2. d4 d5 3. Nd2 Nf6 4. Bd3 c5 5. c3 cxd4 6. cxd4 dxe4 7. Nxe4 Nc6 8.
Nf3 Bb4+ 9. Ke2 O-O 10. Bg5 Kh8 11. a3 Ba5 12. Bb5 Qb6 13. Bxc6 Qxb2+ 14. Bd2
bxc6 15. Nxf6 gxf6 16. Qc1 Ba6+ 17. Ke3 Qb3+ 18. Kf4 Bc7+ 19. Kg4 Qd5 20. Qc5
Rg8+ 21. Kh3 Qe4 22. Rhe1 Qg4# 0-1

[Event "AUTO-OPEN-1237"]
[Site "http://www.queenalice.com/game.php?id=588494"]
[Date "2009.5.14"]
[Round "3"]
[White "jounieh"]
[Black "Soncini"]
[Result "1-0"]
[WhiteElo "2205"]
[BlackElo "1678"]

1. e4 e5 2. Nf3 Nc6 3. Bc4 h6 4. d4 exd4 5. Nxd4 Qf6 6. Nb5 Bc5 7. O-O Bb6 8.
N1c3 Nge7 9. Be3 Ne5 10. Bb3 Kd8 11. Nd5 Nxd5 12. exd5 a6 13. Nd4 d6 14. c3 Bg4
15. f3 Bd7 16. Qd2 g5 17. f4 Bxd4 18. cxd4 Ng4 19. fxg5 Qg6 20. gxh6 Nxe3 21.
Qxe3 Rxh6 22. Rae1 c6 23. dxc6 Bxc6 24. d5 Bxd5 25. Bxd5 Qh5 26. Qe7+ 1-0

[Event "Challenge"]
[Site "http://www.queenalice.com/game.php?id=668534"]
[Date "2009.10.17"]
[Round "-"]
[White "jounieh"]
[Black "Pinocchio"]
[Result "0-1"]
[WhiteElo "2189"]
[BlackElo "2287"]

1. e4 Nf6 2. e5 Nd5 3. d4 d6 4. c4 Nb6 5. f4 dxe5 6. fxe5 Nc6 7. Be3 Bf5 8. Nc3
e6 9. Be2 Bb4 10. Nf3 Na5 11. O-O Naxc4 12. Bxc4 Nxc4 13. Bg5 Qd7 14. Qb3 Bxc3
15. bxc3 Qd5 16. Qb4 c5 17. Qb5+ Kf8 18. dxc5 Bd3 19. Rad1 Nd2 20. Qb4 Nxf1 21.
c6+ Kg8 22. Qxb7 Rf8 23. Rxd3 Qxd3 24. c7 Ne3 25. Kf2 Nd1+ 26. Kg3 Qd7 27. Nd4
Nxc3 28. Nc6 h6 29. Bd8 Qd3+ 30. Kg4 Qf5+ 31. Kh4 g5+ 0-1

[Event "AUTO-ELITE-422"]
[Site "http://www.queenalice.com/game.php?id=671248"]
[Date "2009.10.23"]
[Round "1"]
[White "PunditJi"]
[Black "jounieh"]
[Result "1-0"]
[WhiteElo "2318"]
[BlackElo "2197"]

1. e4 e6 2. Qe2 Nc6 3. Nf3 Nf6 4. d4 d5 5. e5 Ne4 6. Nbd2 Nxd2 7. Bxd2 Be7 8.
Qe3 O-O 9. Bd3 Nb4 10. Bxb4 Bxb4+ 11. c3 Be7 12. O-O Bd7 13. h3 Rc8 14. b4 b6
15. a4 c5 16. dxc5 bxc5 17. Ba6 Rc7 18. b5 Bc8 19. Bxc8 Qxc8 20. Rfd1 Rd8 21.
Qe2 Qb7 22. a5 Rb8 23. Rab1 Rcc8 24. Rb2 Qc7 25. Ra1 Rd8 26. Qd3 f6 27. Qe3 Qd7
28. b6 d4 29. cxd4 cxd4 30. Qe4 Qb7 31. bxa7 Qxb2 32. axb8=Q Rxb8 33. Re1 d3 34.
exf6 d2 35. Qxe6+ Kh8 36. Nxd2 gxf6 37. Qxe7 Qxd2 38. Qxf6+ Kg8 39. Re7 1-0

[Event "AUTO-ELITE-422"]
[Site "http://www.queenalice.com/game.php?id=671249"]
[Date "2009.10.23"]
[Round "1"]
[White "jounieh"]
[Black "PunditJi"]
[Result "0-1"]
[WhiteElo "2206"]
[BlackElo "2309"]

1. e4 e6 2. d4 c5 3. Nf3 cxd4 4. Nxd4 a6 5. Bd3 e5 6. Ne2 d5 7. O-O Nf6 8. Bg5
dxe4 9. Bxf6 Qxf6 10. Bxe4 Bc5 11. Nbc3 O-O 12. Nd5 Qh4 13. Nec3 Bd4 14. g3 Qd8
15. Ne2 Bxb2 16. Rb1 Ba3 17. Nb6 Ra7 18. Qxd8 Rxd8 19. Rfd1 Re8 20. Rb3 Bf8 21.
Rbd3 Be6 22. Rd8 Rxd8 23. Rxd8 Nc6 24. Re8 g6 25. Nc8 Bxc8 26. Rxc8 a5 27. Bxc6
bxc6 28. Rxc6 Kg7 29. Nc3 Rd7 30. Ne4 Rd1+ 31. Kg2 Ra1 32. c4 Rxa2 33. Ra6 Bb4
34. Ra7 Rc2 35. Ng5 Rxf2+ 36. Kh3 h6 37. c5 hxg5 38. c6 e4 39. Rd7 Rc2 40. c7 e3
0-1

[Event "AUTO-ELITE-422"]
[Site "http://www.queenalice.com/game.php?id=671256"]
[Date "2009.10.23"]
[Round "1"]
[White "jounieh"]
[Black "Mirok"]
[Result "0-1"]
[WhiteElo "2153"]
[BlackElo "2419"]

1. e4 c5 2. Nf3 e6 3. d4 cxd4 4. Nxd4 Nf6 5. Nc3 d6 6. Bg5 Nc6 7. Bb5 Bd7 8. Qd2
Be7 9. f4 Nxd4 10. Bxd7+ Nxd7 11. Qxd4 Bxg5 12. fxg5 Qxg5 13. O-O Qc5 14. Rad1
Ne5 15. Qxc5 dxc5 16. Nb5 Ke7 17. h3 Nc4 18. Rd3 Nxb2 19. Rb3 Nc4 20. Nc7 Rab8
21. Rbf3 Ne5 22. Rc3 b6 23. a4 Rbc8 24. Nb5 a6 25. Na3 Rhd8 26. Rb1 Rc6 27. Rcb3
Rd4 28. Rxb6 Rxb6 29. Rxb6 Rxa4 30. Nb1 Rb4 31. Rxb4 cxb4 32. Nd2 a5 33. Kf2 Kd6
34. Ke3 Kc5 35. Nb3+ Kb5 0-1

[Event "AUTO-ELITE-422"]
[Site "http://www.queenalice.com/game.php?id=671257"]
[Date "2009.10.23"]
[Round "1"]
[White "Mirok"]
[Black "jounieh"]
[Result "1-0"]
[WhiteElo "2406"]
[BlackElo "2210"]

1. c4 c5 2. Nf3 Nc6 3. Nc3 Nf6 4. e3 d5 5. cxd5 Nxd5 6. Bb5 e6 7. O-O Qc7 8. d4
cxd4 9. Nxd5 exd5 10. Qxd4 a6 11. Bxc6+ Qxc6 12. Bd2 Qc5 13. Qe5+ Be6 14. Rac1
Qd6 15. Qd4 f6 16. Rfe1 Be7 17. e4 O-O 18. exd5 Bf7 19. Bf4 Qb4 20. Rc4 1-0

[Event "A vingança da francesa!"]
[Site "http://www.queenalice.com/game.php?id=916323"]
[Date "2011.3.23"]
[Round "-"]
[White "jounieh"]
[Black "Bradock"]
[Result "0-1"]
[WhiteElo "2143"]
[BlackElo "1424"]

1. e4 c5 2. Nf3 d6 3. d4 cxd4 4. Nxd4 Nf6 5. Nc3 a6 6. Be2 e5 7. Nb3 Be7 8. Be3
O-O 9. g4 Be6 10. g5 Nfd7 11. h4 Nb6 12. Rg1 a5 13. Nd5 Bxd5 14. exd5 a4 15. Nd2
Nxd5 16. Nc4 Nxe3 17. Nxe3 Nc6 18. Bc4 a3 19. b3 b5 20. Bd5 Rc8 21. Qh5 Qa5+ 22.
Kf1 g6 23. Qh6 Kh8 24. h5 Rg8 25. hxg6 Rxg6 26. Qh3 Qc3 27. Rh1 Qxa1+ 28. Kg2
Rxg5+ 29. Kh2 Qd4 0-1